Movies with the Names of Cities in the Title - Statistics

General Stats
  • This quiz has been taken 77 times
    43 since last reset
  • The average score is 17 of 31
Answer Stats
Title Featured Actor Answer % Correct
_______ _____ Cop Eddie Murphy Beverly Hills
89%
__ Confidential Kevin Spacey L.A.
89%
Sleepless in _______ Tom Hanks Seattle
89%
Gangs of ___ ____ Leonardo DiCaprio New York
84%
Home Alone 2: Lost in ___ ____ Macaulay Culkin New York
82%
______ Buyers Club Matthew McConaughey Dallas
79%
__________ Humphrey Bogart Casablanca
74%
An American Werewolf In ______ David Naughton London
74%
The Grand ________ Hotel Ralph Fiennes Budapest
68%
Fear and Loathing in ___ _____ Johnny Depp Las Vegas
68%
Leaving ___ _____ Nicolas Cage Las Vegas
68%
Straight Outta _______ O'Shea Jackson Jr. Compton
66%
____________ Tom Hanks Philadelphia
66%
Fast and Furious: _____ Drift Lucas Black Tokyo
66%
An American in _____ Gene Kelly Paris
63%
3:10 to ____ Russell Crowe Yuma
61%
Escape From ___ ____ Kurt Russell New York
58%
Bull ______ Kevin Costner Durham
55%
Mr. Smith Goes to __________ Jimmy Stewart Washington
55%
In ______ Colin Farrel Bruges
50%
_______ Catherine Zeta-Jones Chicago
50%
_____ Frances McDormand Fargo
42%
Meet Me In _____ _____ Judy Garland Saint Louis
37%
Judgment at _________ Spencer Tracy Nuremberg
34%
_______ Rock City Giuseppe Andrews Detroit
32%
The ____________ Story Cary Grant Philadelphia
29%
Our Man In ______ Alec Guiness Havana
21%
___ _________ Clark Gable San Francisco
16%
_____ David Oyelowo Selma
13%
_________ Kurt Russell Tombstone
8%
___ Karen Disher Rio
3%
No matching quizzes found
Score Distribution
Percent of People with Each Score
Percentile by Number Answered
Your Score History
You have not taken this quiz since the last reset